Statistics for Sport Teams By Logos

Click here to take the quiz!

General Stats

  • This quiz has been taken 145 times
  • The average score is 11 of 17

Answer Stats

Answer% Correct
Chicago Bulls
98%
Boston Red Sox
91%
Memphis Grizzlies
88%
Jacksonville Jaguars
82%
Cleveland Browns
74%
LA Rams
73%
PSG
73%
Vegas Golden Knights
69%
Colorado Avalanche
68%
England
65%
Valencia
54%
Duke Blue Devils
52%
Kansas City Royals
52%
Kentucky Wildcats
52%
Galatasaray
45%
Miami Hurricanes
45%
Milwaukee Brewers
36%

Score Distribution

Percentile by Number Answered

Percent of People with Each Score

Your Score History

You have not taken this quiz